| 000 | 00631nam a2200217Ia 4500 | ||
|---|---|---|---|
| 003 | OSt | ||
| 005 | 20140321104422.0 | ||
| 008 | 140306s9999 xx 000 0 und d | ||
| 020 | _a1597070017 | ||
| 050 |
_aFIC _bL796H1 2005 |
||
| 100 | _aLobdell, Scott | ||
| 245 | 4 |
_aThe Ocean of Osyria / _cScott Lobdell. |
|
| 260 |
_aNew York : _bScholastic Inc., _cc2005. |
||
| 300 |
_a112 p. : _bcol. ill. ; _c18 cm. |
||
| 521 | _aG5 | ||
| 526 | _c700 | ||
| 650 |
_aArt thefts, Investigation _xComic books, strips, etc. |
||
| 650 |
_aHardy Boys (Fictitious characters) _xComic books, strips, etc. |
||
| 942 |
_cBK _2lcc |
||
| 999 |
_c42788 _d42788 |
||